Biggest cities in Eastern Africa (with map) - Statistics

General Stats
  • This quiz has been taken 384 times
  • The average score is 15 of 20
Answers on the Map
Answers color-coded by a green-red scale on the quiz's map according to % correct below.
 
Answer Stats
Country City % Correct
Kenya Nairobi
99%
Ethiopia Addis Ababa
98%
Uganda Kampala
95%
Tanzania Dar es Salaam
94%
Somalia Mogadishu
94%
Djibouti Djibouti
93%
Madagascar Antananarivo
92%
Zimbabwe Harare
91%
Zambia Lusaka
89%
Mozambique Maputo
89%
South Sudan Juba
88%
Eritrea Asmara
87%
Rwanda Kigali
86%
Kenya Mombasa
83%
Malawi Lilongwe
82%
Malawi Blantyre
41%
Somalia Hargeisa
39%
Zimbabwe Bulawayo
34%
Mozambique Beira
26%
Mozambique Matola
15%
No matching quizzes found
Score Distribution
Percent of People with Each Score
Percentile by Number Answered
Your Score History
You have not taken this quiz